|
|
|
|
| LEADER |
00000nas a2200000 a 4500 |
| 001 |
ssj0000571612 |
| 003 |
WaSeSS |
| 005 |
20200512172242.0 |
| 006 |
m d |
| 007 |
cr n |
| 008 |
070326c20069999pl fr p s 0 0pol c |
| 010 |
|
|
|a 2007235177
|
| 016 |
7 |
|
|a 987041010
|2 DE-101
|
| 016 |
7 |
|
|a 2403029-6
|2 DE-600
|
| 022 |
|
|
|l 1895-975X
|y 1895-975X
|
| 035 |
|
|
|a (WaSeSS)ssj0000571612
|
| 040 |
|
|
|a MH
|b eng
|c MH
|d MH
|d DLC
|d OCoLC
|d HEBIS
|d GWDNB
|d OCoLC
|d InU
|d OCLCF
|d OCLCO
|d GBVCP
|d OCLCO
|d OCoLC
|d WaSeSS
|
| 041 |
0 |
|
|a pol
|b eng
|
| 042 |
|
|
|a pcc
|
| 043 |
|
|
|a e-pl---
|
| 050 |
0 |
0 |
|a CB3
|b .P79
|
| 245 |
0 |
0 |
|a Przegląd kulturoznawczy
|h [electronic resource] /
|c Polska Akademia Nauk, Komitet Nauk o Kulturze.
|
| 260 |
|
|
|a Kraków :
|b Wydawn. RABID,
|c 2006-
|
| 310 |
|
|
|a Semiannual
|
| 362 |
0 |
|
|a Rok 2006, nr. 1-
|
| 506 |
|
|
|a License restrictions may limit access.
|
| 546 |
|
|
|a In Polish, with summaries in English.
|
| 588 |
|
|
|a Latest issue consulted: Rok 2007, nr. 2.
|
| 650 |
|
0 |
|a Civilization, Modern
|v Periodicals.
|
| 650 |
|
7 |
|a Civilization.
|2 fast
|0 (OCoLC)fst00862898
|
| 650 |
|
7 |
|a Civilization, Modern.
|2 fast
|0 (OCoLC)fst00863073
|
| 650 |
|
7 |
|a Kultur
|2 gnd
|0 (DE-601)104470348
|
| 651 |
|
0 |
|a Poland
|x Civilization
|v Periodicals.
|
| 651 |
|
7 |
|a Poland.
|2 fast
|0 (OCoLC)fst01206891
|
| 651 |
|
7 |
|a Polen
|2 gnd
|0 (DE-601)106197762
|
| 655 |
|
0 |
|a Electronic journals.
|
| 710 |
2 |
|
|a Polska Akademia Nauk.
|b Komitet Nauk o Kulturze.
|
| 850 |
|
|
|a DLC
|
| 856 |
4 |
0 |
|z Full text available from Research Library: 01/01/2011 to present
|u https://search.proquest.com/publication/1356364
|